Surveying Residential Burglaries: A Case Study of Local-Level Crime Measurement:

Our goal is to document the general issues that arise in estimating and comparing local crime rates over time and for different cities. Data are drawn from police-based residential burglary counts and the National Crime Victimization Survey to obtain interval estimates of residential burglary incide...

Descripción completa

Guardado en:  
Detalles Bibliográficos
Autores principales: Brame, Robert W. (Autor) ; Paternoster, Raymond 1952-2017 (Autor) ; Turner, Michael G. (Autor)
Tipo de documento: Electrónico Artículo
Lenguaje:Inglés
Publicado: 2017
En: Criminal justice policy review
Año: 2017, Volumen: 28, Número: 9, Páginas: 918-940
Acceso en línea: Presumably Free Access
Volltext (lizenzpflichtig)
Verificar disponibilidad: HBZ Gateway
Palabras clave:

MARC

LEADER 00000caa a22000002c 4500
001 1725689332
003 DE-627
005 20260320204237.0
007 cr uuu---uuuuu
008 200728s2017 xx |||||o 00| ||eng c
024 7 |a 10.1177/0887403415617807  |2 doi 
035 |a (DE-627)1725689332 
035 |a (DE-599)KXP1725689332 
040 |a DE-627  |b ger  |c DE-627  |e rda 
041 |a eng 
084 |a 2,1  |2 ssgn 
100 1 |a Brame, Robert W.  |e VerfasserIn  |0 (DE-588)1205899294  |0 (DE-627)1691748072  |4 aut 
109 |a Brame, Robert W.  |a Brame, Robert 
245 1 0 |a Surveying Residential Burglaries  |b A Case Study of Local-Level Crime Measurement: 
264 1 |c 2017 
336 |a Text  |b txt  |2 rdacontent 
337 |a Computermedien  |b c  |2 rdamedia 
338 |a Online-Ressource  |b cr  |2 rdacarrier 
520 |a Our goal is to document the general issues that arise in estimating and comparing local crime rates over time and for different cities. Data are drawn from police-based residential burglary counts and the National Crime Victimization Survey to obtain interval estimates of residential burglary incidence at the local level. Ambiguity exists when making point estimates of crime that are based entirely on Uniform Crime Reports data. Sources of this ambiguity include (a) the “Hierarchy Rule,” (b) population estimates used in estimating the burglary rate, and (c) variation in the probability that a residential burglary victim reports the incident to the police. Analyses document uncertainty of burglary rates when comparing across cities and over time. We think it will be useful to begin reporting crime patterns in terms of a range of uncertainty that expresses both what is known and unknown about the numbers that are used to measure those patterns. 
700 1 |a Paternoster, Raymond  |d 1952-2017  |e VerfasserIn  |0 (DE-588)1064353932  |0 (DE-627)813161185  |0 (DE-576)162493177  |4 aut 
700 1 |a Turner, Michael G.  |e VerfasserIn  |0 (DE-588)1099441641  |0 (DE-627)858561328  |0 (DE-576)183897986  |4 aut 
773 0 8 |i Enthalten in  |t Criminal justice policy review  |d London : Sage, 1986  |g 28(2017), 9, Seite 918-940  |h Online-Ressource  |w (DE-627)33150796X  |w (DE-600)2051883-3  |w (DE-576)094502471  |x 1552-3586  |7 nnas 
773 1 8 |g volume:28  |g year:2017  |g number:9  |g pages:918-940 
787 0 8 |i Forschungsdaten  |a USA. Bureau of Justice Statistics  |t National Crime Victimization Survey, 2009  |d [Erscheinungsort nicht ermittelbar] : [Verlag nicht ermittelbar], 2011  |w (DE-627)1840050209 
787 0 8 |i Forschungsdaten  |a USA. Bureau of Justice Statistics  |t National Crime Victimization Survey, 2010  |d [Erscheinungsort nicht ermittelbar] : [Verlag nicht ermittelbar], 2011  |w (DE-627)1840049553 
787 0 8 |i Forschungsdaten  |a USA. Bureau of Justice Statistics  |t National Crime Victimization Survey, (United States), 2011  |d [Erscheinungsort nicht ermittelbar] : [Verlag nicht ermittelbar], 2012  |w (DE-627)1840038578 
856 |u https://arxiv.org/pdf/1204.6735  |x unpaywall  |z Vermutlich kostenfreier Zugang  |h repository [deprecated] 
856 4 0 |u https://doi.org/10.1177/0887403415617807  |x Resolving-System  |z lizenzpflichtig  |3 Volltext  |7 1 
889 |w (DE-627)191271938X 
935 |a mkri 
951 |a AR 
ELC |a 1 
LOK |0 000 xxxxxcx a22 zn 4500 
LOK |0 001 3730986171 
LOK |0 003 DE-627 
LOK |0 004 1725689332 
LOK |0 005 20200728140610 
LOK |0 008 200728||||||||||||||||ger||||||| 
LOK |0 040   |a DE-21-110  |c DE-627  |d DE-21-110 
LOK |0 092   |o n 
LOK |0 689   |a s  |a Research and policy 
LOK |0 689   |a s  |a Crime reduction 
LOK |0 689   |a s  |a Data collection 
LOK |0 852   |a DE-21-110 
LOK |0 852 1  |9 00 
LOK |0 935   |a krub  |a krzo 
LOK |0 939   |a 2020-07-28  |b l01 
LOK |0 000 xxxxxcx a22 zn 4500 
LOK |0 001 4637684943 
LOK |0 003 DE-627 
LOK |0 004 1725689332 
LOK |0 005 20260320204237 
LOK |0 008 241217||||||||||||||||ger||||||| 
LOK |0 035   |a (DE-2619)ICPSR120499 
LOK |0 040   |a DE-2619  |c DE-627  |d DE-2619 
LOK |0 092   |o n 
LOK |0 852   |a DE-2619 
LOK |0 852 1  |9 00 
LOK |0 935   |a nacp 
LOK |0 939   |a 2024-12-17  |b l01 
OAS |a 1 
ORI |a WA-MARC-krimdoka001.raw